000 00318nam a2200133 i 4500
001 bg
100 1 _aPOPCZYK, J.
245 0 _aElektroenergetyczne układy przemysłowe /
_cJ. Popczyk.
260 _aZielona Góra,
_c1990.
040 _cBPK
041 _apol
942 _cKS
008 s pl f |000 0 pol
999 _c4538
_d4538
856 _uhttp://koha.tu.koszalin.pl/cgi-bin/koha/opac-detail.pl?biblionumber=4538
_yKatalog online BPK